000
00268nam a22001217a 4500
008
170223b xxu||||| |||| 00| 0 eng d
041
_a
eng
080
_a
616 31
100
_a
5
101
_a
SHS
245
_a
THE CLINICS OF NORTH AMERICA
_c
ALLING.C.C
942
_2
udc
_c
BK
999
_c
6170
_d
6170